[Event "IECG CP.2001.P.00066"]
[Site "IECG email"]
[Date "2001.10.01"]
[Round "?"]
[White "Pedersen, Jan"]
[Black "Ramanan, NV."]
[Result "1/2-1/2"]
[WhiteElo "1055"]
[BlackElo "800"]
[PlyCount "54"]
[EventDate "2001.10.01"]
[EventType "tourn (corr)"]
[EventRounds "6"]
[SourceTitle "Corr 2008"]
[Source "ChessBase"]
[SourceDate "2008.06.24"]
[SourceVersion "1"]
[SourceVersionDate "2008.06.24"]
[SourceQuality "1"]

1. e4 e5 2. Nf3 Nc6 3. Bc4 Bc5 4. c3 Nf6 5. d4 exd4 6. cxd4 Bb4+ 7. Nc3 Nxe4 8. 0-0 Bxc3 9. d5 Bf6 10. Re1 Ne7 11. Rxe4 d6 12. Bg5 Bxg5 13. Nxg5 0-0 14. Nxh7 Kxh7 15. Qh5+ Kg8 16. Rh4 f5 17. Rh3 Ng6 18. Qxg6 Qf6 19. Qxf6 Rxf6 20. Re1 Bd7 21. Re7 Rd8 22. f4 Rf7 23. Rh8+ Kxh8 24. Rxf7 Kg8 25. Re7 Kf8 26. Re3 Re8 27. Kf2 Kf7 1/2-1/2

[Event "IECG CP.2001.P.00066"]
[Site "IECG email"]
[Date "2001.10.01"]
[Round "?"]
[White "Pinasco, Juan Pablo"]
[Black "Ramanan, NV."]
[Result "1-0"]
[WhiteElo "1687"]
[BlackElo "800"]
[PlyCount "39"]
[EventDate "2001.10.01"]
[EventType "tourn (corr)"]
[EventRounds "6"]
[SourceTitle "Corr 2008"]
[Source "ChessBase"]
[SourceDate "2008.06.24"]
[SourceVersion "1"]
[SourceVersionDate "2008.06.24"]
[SourceQuality "1"]

1. e4 e5 2. Nf3 Nc6 3. Bb5 a6 4. Ba4 Nf6 5. 0-0 Nxe4 6. d4 b5 7. Bb3 d5 8. dxe5 Be6 9. c3 Bc5 10. Nbd2 Bxf2+ 11. Rxf2 Nxf2 12. Kxf2 0-0 13. Nf1 f6 14. exf6 Rxf6 15. Kg1 Qd6 16. Bg5 Rf5 17. Ne3 Rf7 18. Bh4 Rd7 19. Ng5 Ne7 20. Qd3 1-0

[Event "IECG CP.2001.P.00066"]
[Site "IECG email"]
[Date "2001.10.01"]
[Round "?"]
[White "Ramanan, NV."]
[Black "Kulczycki, Michael"]
[Result "0-1"]
[WhiteElo "800"]
[BlackElo "1879"]
[PlyCount "52"]
[EventDate "2001.10.01"]
[EventType "tourn (corr)"]
[EventRounds "6"]
[SourceTitle "Corr 2008"]
[Source "ChessBase"]
[SourceDate "2008.06.24"]
[SourceVersion "1"]
[SourceVersionDate "2008.06.24"]
[SourceQuality "1"]

1. e4 c5 2. Nf3 d6 3. d4 cxd4 4. Nxd4 Nf6 5. Nc3 Nc6 6. Bb5 Bd7 7. Nxc6 bxc6 8. Bc4 e6 9. Bb3 Be7 10. Be3 0-0 11. 0-0 Qc7 12. Qe2 d5 13. Bg5 h6 14. Bh4 Qf4 15. Bg3 Qg5 16. Rad1 Bb4 17. f4 Qg6 18. exd5 exd5 19. Qe3 Rfe8 20. Qd4 c5 21. Qd3 Bxc3 22. Qxc3 c4 23. Bxc4 dxc4 24. Rd4 Bf5 25. Bh4 Ne4 26. Qxc4 Rab8 0-1

[Event "IECG CP.2001.P.00066"]
[Site "IECG email"]
[Date "2001.10.01"]
[Round "?"]
[White "Ramanan, NV."]
[Black "Popstein, Sheila"]
[Result "0-1"]
[WhiteElo "800"]
[BlackElo "1400"]
[PlyCount "52"]
[EventDate "2001.10.01"]
[EventType "tourn (corr)"]
[EventRounds "6"]
[SourceTitle "Corr 2008"]
[Source "ChessBase"]
[SourceDate "2008.06.24"]
[SourceVersion "1"]
[SourceVersionDate "2008.06.24"]
[SourceQuality "1"]

1. e4 e6 2. d4 d5 3. Nc3 Nf6 4. Bg5 Be7 5. e5 Nfd7 6. Bxe7 Qxe7 7. Qd2 0-0 8. f4 c5 9. Nf3 Nc6 10. g3 Nb6 11. Be2 Bd7 12. 0-0-0 Nxd4 13. Nxd4 cxd4 14. Qxd4 Rfc8 15. Rhf1 Rc7 16. Rf2 Rac8 17. Kb1 Rxc3 18. bxc3 Na4 19. c4 Qb4+ 20. Ka1 Nc3 21. Rf3 Nxe2 22. Qd3 Qxc4 23. Rd2 Nc3 24. Qxc4 Rxc4 25. Kb2 Ne4 26. Rdd3 d4 0-1

[Event "IECG CN.2001.0.00259"]
[Site "IECG email"]
[Date "2001.08.31"]
[Round "?"]
[White "De los Reyes, Juan Manuel"]
[Black "Ramanan, NV."]
[Result "0-1"]
[WhiteElo "800"]
[BlackElo "800"]
[PlyCount "48"]
[EventDate "2001.08.31"]
[EventType "tourn (corr)"]
[EventRounds "6"]
[SourceTitle "Corr 2008"]
[Source "ChessBase"]
[SourceDate "2008.06.24"]
[SourceVersion "1"]
[SourceVersionDate "2008.06.24"]
[SourceQuality "1"]

1. e4 e5 2. Nf3 Nc6 3. Bc4 Bc5 4. Nc3 d6 5. d3 Bg4 6. h3 Bh5 7. g4 Bg6 8. h4 h5 9. g5 Na5 10. Bb5+ c6 11. Ba4 b5 12. Bb3 Ne7 13. d4 Nxb3 14. axb3 exd4 15. Nxd4 b4 16. Nce2 Bxe4 17. Rf1 Ng6 18. f3 Bd5 19. Nf5 0-0 20. Nf4 Re8+ 21. Ne2 Qd7 22. Qd3 Ne5 23. Qd2 Qxf5 24. Qf4 Qxc2 0-1